Strength of materials (Record no. 4143)

000 -LEADER
fixed length control field 00602nam a2200229 4500
001 - CONTROL NUMBER
control field 4143
003 - CONTROL NUMBER IDENTIFIER
control field BD-DhUET
008 - FIXED-LENGTH DATA ELEMENTS--GENERAL INFORMATION
fixed length control field 0
020 ## - INTERNATIONAL STANDARD BOOK NUMBER
International Standard Book Number 0070702977
040 ## - CATALOGING SOURCE
Transcribing agency 0
Modifying agency BD-DhUET
082 ## - DEWEY DECIMAL CLASSIFICATION NUMBER
Classification number 620.112
Item number WIL/1981
100 ## - MAIN ENTRY--PERSONAL NAME
Personal name Willems, Nicholas
245 ## - TITLE STATEMENT
Title Strength of materials
Statement of responsibility, etc. by Nicholas Willems, John T. Easley and Stanley T. Rolfe
250 ## - EDITION STATEMENT
Edition statement 1st ed.
260 ## - PUBLICATION, DISTRIBUTION, ETC. (IMPRINT)
Place of publication, distribution, etc. New York
Name of publisher, distributor, etc. McGraw-Hill
Date of publication, distribution, etc. 1981
300 ## - PHYSICAL DESCRIPTION
Extent xviii, 508 p.
Other physical details ill.
Dimensions 12 cm.
504 ## - BIBLIOGRAPHY, ETC. NOTE
Bibliography, etc Includes bibliographies
650 #0 - SUBJECT ADDED ENTRY--TOPICAL TERM
Topical term or geographic name as entry element Strength of materials
700 ## - ADDED ENTRY--PERSONAL NAME
Personal name Easley, John T.
700 ## - ADDED ENTRY--PERSONAL NAME
Personal name Rolfe, Stanley T.
942 ## - ADDED ENTRY ELEMENTS (KOHA)
Koha item type General Book
Holdings
Koha item type Sublocation or collection (holding branch) Koha date last seen Withdrawn status Piece designation (barcode) Koha issues (times borrowed) Koha date last borrowed Price effective from Location (home branch) Shelving location Koha out on loan Damaged status Koha normalized classification for sorting Source of classification or shelving scheme Koha full call number Not for loan Date acquired Copy number Lost status
General BookCentral Library, BUET2018-12-18 7984912018-11-062014-11-12Central Library, BUETCirculation section  620_112000000000000_WIL_1981 620.112/WIL/1981 2014-11-121 
General BookCentral Library, BUET2019-04-24 7985012018-12-222014-11-12Central Library, BUETCirculation section  620_112000000000000_WIL_1981 620.112/WIL/1981 2014-11-122 
General BookCentral Library, BUET2014-11-12 79853  2014-11-12Central Library, BUETCirculation section  620_000000000000000_112WIL1981 620.112/WIL/1981 2014-11-123 
General BookCentral Library, BUET2014-11-12 81408  2014-11-12Central Library, BUETCirculation section  620_000000000000000_112WIL1981 620.112/WIL/1981 2014-11-124 
General BookCentral Library, BUET2021-12-07 7985222021-11-292014-11-12Central Library, BUETCirculation section  620_000000000000000_112WIL1981 620.112/WIL/1981 2014-11-125 
General BookCentral Library, BUET2025-12-08 7958012025-12-082014-11-12Central Library, BUETCirculation section2025-12-22 620_000000000000000_112WIL1981 620.112/WIL/1981 2014-11-126 
General BookCentral Library, BUET2014-11-12 81410  2014-11-12Central Library, BUETCirculation section  620_000000000000000_112WIL1981 620.112/WIL/1981 2014-11-127 
General BookCentral Library, BUET2023-07-18 7985112023-07-082014-11-12Central Library, BUETCirculation section  620_000000000000000_112WIL1981 620.112/WIL/1981 2014-11-128 
General BookCentral Library, BUET2014-11-12 81409  2014-11-12Central Library, BUETCirculation section  620_112000000000000_WIL_1981 620.112/WIL/1981 2014-11-129 
General BookCentral Library, BUET2015-02-04 79581   2015-02-04Central Library, BUETCirculation section  620_112000000000000_WIL_1981 620.112/WIL/1981 2015-02-0410